[Event "14th ECh U20 Girls"]
[Site "Tallinn EST"]
[Date "1997.09.10"]
[Round "1"]
[White "Lomineishvili, Maia"]
[Black "Ciganikova, Andrea"]
[Result "1/2-1/2"]
[WhiteElo "2350"]
[BlackElo "2140"]
[EventDate "1997.09.10"]
[PlyCount "78"]

1.d4 Nf6 2.c4 c5 3.d5 b5 4.cxb5 a6 5.Nc3 d6 6.e4 g6 7.bxa6 Bxa6 8.Bxa6 
Nxa6 9.Nf3 Bg7 10.O-O O-O 11.Bg5 h6 12.Bf4 Qb6 13.Rb1 Nc7 14.Re1 Nb5 15.
Qc2 Qa6 16.Nxb5 Qxb5 17.b3 Rfc8 18.Nd2 Nd7 19.Nc4 Nb6 20.Bxd6 exd6 21.Nxd6
Qb4 22.Nxc8 Rxc8 23.Qd3 Bd4 24.Re2 Nd7 25.Qh3 Qb5 26.Ree1 Rd8 27.Qxh6 Ne5 
28.Qd2 Rd6 29.Kh1 Rf6 30.f3 Nd3 31.Rf1 Nf4 32.b4 g5 33.bxc5 Qxc5 34.Qb4 
Qc2 35.Rg1 Ne2 36.Qb8+ Kg7 37.Rgd1 Nf4 38.Rg1 Ne2 39.Rgd1 Nf4 1/2-1/2

[Event "14th ECh U20 Girls"]
[Site "Tallinn EST"]
[Date "1997.09.10"]
[Round "1"]
[White "Andreescu, Nicoleta Aurora"]
[Black "Bobrowska, Monika"]
[Result "0-1"]
[WhiteElo "2120"]
[BlackElo "2360"]
[EventDate "1997.09.10"]
[PlyCount "62"]

1.e4 e6 2.Nf3 d5 3.Nc3 Nf6 4.e5 Nfd7 5.d4 c5 6.dxc5 Nc6 7.Bf4 Bxc5 8.Bd3 
f6 9.exf6 Qxf6 10.Bg5 Qf7 11.O-O O-O 12.Bh4 h6 13.Bg3 Nf6 14.Ne5 Nxe5 15.
Bxe5 Bd7 16.Kh1 Bc6 17.f4 d4 18.Bxf6 Qxf6 19.Ne4 Bxe4 20.Bxe4 Rad8 21.Qe2 
b6 22.Bd3 g6 23.Rae1 Rde8 24.a3 Kh7 25.Bc4 Qh4 26.g3 Qd8 27.Bxe6 Rf6 28.
Qc4 Rfxe6 29.Rxe6 Qa8+ 30.Kg1 d3+ 31.Rf2 d2 0-1

[Event "14th ECh U20 Girls"]
[Site "Tallinn EST"]
[Date "1997.09.10"]
[Round "1"]
[White "Zielinska, Marta"]
[Black "Smajlovic, Lejla"]
[Result "1-0"]
[WhiteElo "2335"]
[BlackElo "2130"]
[EventDate "1997.09.10"]
[PlyCount "95"]

1.d4 Nf6 2.Nf3 g6 3.c4 Bg7 4.Nc3 d6 5.e4 O-O 6.Be2 e5 7.O-O Nc6 8.d5 Ne7 
9.Ne1 Ne8 10.f3 f5 11.g4 f4 12.h4 h6 13.Bd2 Bd7 14.Ng2 c5 15.Rb1 a6 16.a3 
Qc7 17.Be1 Rb8 18.b4 b6 19.Bf2 Nc8 20.Ne1 Bf6 21.Kg2 Bd8 22.Qb3 Rf7 23.Nd3
Ra8 24.Rfd1 Ra7 25.Rd2 Ng7 26.Rdd1 Kf8 27.bxc5 bxc5 28.Na4 Bxa4 29.Qxa4 
Nb6 30.Qc2 Qc8 31.Rb3 Rfb7 32.Rdb1 Ra8 33.R1b2 Rab8 34.Qb1 Ke8 35.a4 a5 
36.Be1 Ra8 37.Rxb6 Bxb6 38.Rxb6 Rxb6 39.Qxb6 Qa6 40.Qxa6 Rxa6 41.Bd1 Kd7 
42.Bc3 Ne8 43.Bxe5 g5 44.hxg5 hxg5 45.Bc3 Ra7 46.Bc2 Kc7 47.e5 dxe5 48.
Nxc5 1-0

[Event "14th ECh U20 Girls"]
[Site "Tallinn EST"]
[Date "1997.09.10"]
[Round "1"]
[White "Martyniuk, Tatiana"]
[Black "Trofimova, Olga"]
[Result "1-0"]
[WhiteElo "2120"]
[BlackElo "2335"]
[EventDate "1997.09.10"]
[PlyCount "47"]

1.e4 c5 2.Nf3 e6 3.d3 Nc6 4.g3 Nf6 5.Bg2 d5 6.Nbd2 Be7 7.O-O O-O 8.Re1 b5 
9.e5 Nd7 10.Nf1 a5 11.h4 Ba6 12.Bf4 b4 13.N1h2 a4 14.Ng5 Qe8 15.Ng4 Rc8 
16.c4 Nb6 17.Nf6+ gxf6 18.exf6 Bxf6 19.Qh5 h6 20.Qxh6 Bxg5 21.Qxg5+ Kh7 
22.Qh5+ Kg8 23.Bh6 Kh7 24.Bg5+ 1-0

[Event "14th ECh U20 Girls"]
[Site "Tallinn EST"]
[Date "1997.09.10"]
[Round "1"]
[White "Miloradovic, Jelena"]
[Black "Kononenko, Tatiana"]
[Result "0-1"]
[WhiteElo "2105"]
[BlackElo "2275"]
[EventDate "1997.09.10"]
[PlyCount "58"]

1.c4 f5 2.Nc3 Nf6 3.Nf3 g6 4.g3 Bg7 5.Bg2 O-O 6.O-O d6 7.d4 Qe8 8.Qc2 h6 
9.Re1 Qf7 10.b3 Nc6 11.Bb2 e5 12.dxe5 dxe5 13.e4 f4 14.Nd5 Nh5 15.Rad1 g5 
16.b4 Bg4 17.Rd3 Rad8 18.b5 Rxd5 19.Rxd5 Nb4 20.Qd1 Nxd5 21.Qxd5 fxg3 22.
Re3 gxf2+ 23.Kxf2 Be6 24.Qxb7 g4 25.Qxa7 Bxc4 26.Kg1 gxf3 27.Rxf3 Qd7 28.
Rxf8+ Bxf8 29.Qf2 Bc5 0-1

[Event "14th ECh U20 Girls"]
[Site "Tallinn EST"]
[Date "1997.09.10"]
[Round "1"]
[White "Tkeshelashvili, Sopio"]
[Black "Javakhishvili, Eka"]
[Result "1-0"]
[WhiteElo "2270"]
[BlackElo "2105"]
[EventDate "1997.09.10"]
[PlyCount "61"]

1.e4 c5 2.Nf3 Nc6 3.d4 cxd4 4.Nxd4 Nf6 5.Nc3 d6 6.f3 e6 7.Be3 a6 8.Qd2 Qc7
9.O-O-O b5 10.Nxc6 Qxc6 11.e5 b4 12.Ne4 Nd5 13.exd6 Bxd6 14.Bc4 Bb7 15.
Bxd5 exd5 16.Nxd6+ Qxd6 17.Bf4 Qc5 18.Rhe1+ Kf8 19.Qd4 Qxd4 20.Bd6+ Kg8 
21.Rxd4 a5 22.Re7 Bc6 23.Rc7 Be8 24.Rxd5 f6 25.Rdc5 h6 26.Rb7 Kh7 27.Rcc7 
Rg8 28.Bf8 Bc6 29.Rxg7+ Rxg7 30.Rxg7+ Kh8 31.Rc7 1-0

[Event "14th ECh U20 Girls"]
[Site "Tallinn EST"]
[Date "1997.09.10"]
[Round "1"]
[White "Pallova, Romana"]
[Black "Mashinskaya, Yulia"]
[Result "0-1"]
[WhiteElo "2105"]
[BlackElo "2265"]
[EventDate "1997.09.10"]
[PlyCount "90"]

1.e4 c5 2.Nf3 Nc6 3.d4 cxd4 4.Nxd4 Nf6 5.Nc3 e6 6.g3 Bb4 7.Bg2 d5 8.O-O 
O-O 9.Bg5 h6 10.Nxc6 bxc6 11.Bxf6 Qxf6 12.Qd3 a5 13.Rfd1 Ba6 14.Qf3 Qxf3 
15.Bxf3 Rfd8 16.exd5 cxd5 17.Ne2 Rdc8 18.c3 Be7 19.Nd4 Rab8 20.Rab1 g6 21.
Be2 Bb7 22.b4 a4 23.Rdc1 e5 24.Nf3 Bd6 25.b5 f6 26.Nd2 e4 27.Nf1 Ba3 28.
Rd1 Rxc3 29.Ne3 Rd8 30.Bc4 Kg7 31.Bxd5 Rb8 32.Be6 f5 33.Rd7+ Kf6 34.Bc4 
Rc1+ 35.Rxc1 Bxc1 36.Nd1 Ba8 37.Rd6+ Ke5 38.Ra6 Rd8 39.Nc3 e3 40.Rxa4 Bb2 
41.f4+ Kf6 42.Ra6+ Kg7 43.Ra7+ Kh8 44.b6 Bxc3 45.b7 e2 0-1

[Event "14th ECh U20 Girls"]
[Site "Tallinn EST"]
[Date "1997.09.10"]
[Round "1"]
[White "Savitskaya, Ekaterina"]
[Black "Dubinskaya, Mariana"]
[Result "1/2-1/2"]
[WhiteElo "2260"]
[BlackElo "2100"]
[EventDate "1997.09.10"]
[PlyCount "77"]

1.d4 e6 2.c4 b6 3.Nc3 Bb7 4.e3 f5 5.Nf3 Nf6 6.Bd3 Bb4 7.O-O O-O 8.Nd2 Nc6 
9.a3 Bd6 10.f4 Ne7 11.e4 fxe4 12.Ndxe4 Nf5 13.Nxd6 Nxd6 14.Qc2 Qe8 15.Bd2 
Qh5 16.Rae1 Nf5 17.Bxf5 Qxf5 18.Qxf5 exf5 19.d5 c6 20.dxc6 Bxc6 21.Be3 Ne4
22.Bd4 Nxc3 23.Bxc3 Be4 24.Rd1 Rf7 25.Rd4 Re8 26.Bb4 Bc6 27.Kf2 Rf6 28.Bd6
Re4 29.Rfd1 Rg6 30.Rxe4 Bxe4 31.g3 Rh6 32.h4 Bc6 33.b4 a6 34.Be5 Re6 35.c5
b5 36.Ke3 h5 37.Rd2 g6 38.Kd4 Kf7 39.Kc3 1/2-1/2

[Event "14th ECh U20 Girls"]
[Site "Tallinn EST"]
[Date "1997.09.10"]
[Round "1"]
[White "Lang, Heather"]
[Black "Cmilyte, Viktorija"]
[Result "1/2-1/2"]
[WhiteElo "2060"]
[BlackElo "2220"]
[EventDate "1997.09.10"]
[PlyCount "61"]

1.e4 c5 2.Nc3 Nc6 3.g3 g6 4.Bg2 Bg7 5.d3 e6 6.Be3 d6 7.Qd2 Nd4 8.Nd1 Ne7 
9.c3 Ndc6 10.Bh6 Bxh6 11.Qxh6 Ng8 12.Qd2 Nge7 13.Nf3 e5 14.d4 cxd4 15.cxd4
Bg4 16.dxe5 dxe5 17.Ne3 Bxf3 18.Qxd8+ Rxd8 19.Bxf3 Nd4 20.Bg2 O-O 21.O-O 
Rc8 22.f4 exf4 23.gxf4 Nc2 24.Nxc2 Rxc2 25.Rf2 Rfc8 26.Raf1 f6 27.Rxc2 
Rxc2 28.Rf2 Rc1+ 29.Rf1 Rc2 30.Rf2 Rc1+ 31.Rf1 1/2-1/2

[Event "14th ECh U20 Girls"]
[Site "Tallinn EST"]
[Date "1997.09.10"]
[Round "1"]
[White "Radziewicz, Iweta"]
[Black "Sorli, Maja"]
[Result "1-0"]
[WhiteElo "2220"]
[BlackElo "2005"]
[EventDate "1997.09.10"]
[PlyCount "65"]

1.d4 d5 2.c4 e6 3.Nc3 Nf6 4.cxd5 exd5 5.Bg5 Be7 6.e3 O-O 7.Bd3 Nc6 8.a3 a5
9.Bxf6 Bxf6 10.Qh5 g6 11.Qxd5 Qe7 12.Nge2 Bg4 13.Qe4 Bxe2 14.Qxe7 Nxe7 15.
Bxe2 Rad8 16.Bf3 c5 17.Ne4 Bg7 18.Nxc5 b6 19.Na4 Rd6 20.O-O f5 21.Nc3 f4 
22.Nb5 Rd7 23.Bg4 Rdd8 24.Rac1 Bh6 25.e4 f3 26.Rc7 fxg2 27.Kxg2 Rf4 28.f3 
Kf8 29.d5 Bg7 30.d6 Ng8 31.Rxg7 Kxg7 32.Nc7 Rf6 33.e5 1-0

[Event "14th ECh U20 Girls"]
[Site "Tallinn EST"]
[Date "1997.09.11"]
[Round "2"]
[White "Werner, Isabel"]
[Black "Zielinska, Marta"]
[Result "1/2-1/2"]
[WhiteElo "2220"]
[BlackElo "2335"]
[EventDate "1997.09.10"]
[PlyCount "56"]

1.e4 e6 2.d4 d5 3.Nc3 Bb4 4.Bd3 dxe4 5.Bxe4 Nf6 6.Bf3 Nc6 7.Ne2 e5 8.Bxc6+
bxc6 9.O-O Ba6 10.dxe5 Bxc3 11.bxc3 Ne4 12.Qd4 Qxd4 13.cxd4 Bxe2 14.Re1 
Nc3 15.Bd2 Nb5 16.Rxe2 Nxd4 17.Re4 O-O-O 18.Rc1 Rd7 19.Kf1 c5 20.Be3 Re8 
21.c3 Nc6 22.f4 f6 23.e6 Rd6 24.Bxc5 Rdxe6 25.Rxe6 Rxe6 26.Re1 Kd7 27.Rd1+
Kc8 28.Re1 Kd7 1/2-1/2

[Event "14th ECh U20 Girls"]
[Site "Tallinn EST"]
[Date "1997.09.11"]
[Round "2"]
[White "Bobrowska, Monika"]
[Black "Abbasova, Aiguioun"]
[Result "1-0"]
[WhiteElo "2360"]
[BlackElo "2190"]
[EventDate "1997.09.10"]
[PlyCount "123"]

1.d4 f5 2.g3 g6 3.Bg2 Nf6 4.Nh3 Bg7 5.c3 c6 6.Qd3 d5 7.Nd2 O-O 8.Nf3 Qe8 
9.Nf4 e6 10.h4 Nbd7 11.h5 Nxh5 12.Nxh5 gxh5 13.Bf4 a5 14.a4 c5 15.Bd6 c4 
16.Qc2 Rf6 17.Qd2 Bf8 18.Bxf8 Rxf8 19.Rh4 Rb8 20.Qg5+ Qg6 21.Qf4 b5 22.
O-O-O Rb7 23.Ne5 Nxe5 24.Qxe5 Qf6 25.Qe3 bxa4 26.Rxh5 Rg7 27.Kd2 f4 28.Qe5
Qxe5 29.dxe5 fxg3 30.fxg3 Rxg3 31.Bf3 Bd7 32.Ke3 Rb8 33.Rd2 Rg7 34.Kd4 Rb5
35.Rh6 Rg6 36.Rh2 Rg5 37.e3 Be8 38.Rdg2 Rxg2 39.Rxg2+ Bg6 40.e4 dxe4 41.
Bxe4 Kf7 42.Bc6 Rb8 43.Kxc4 Rc8 44.Rf2+ Ke7 45.Kb5 a3 46.bxa3 Bd3+ 47.Kb6 
Rb8+ 48.Kc5 Rb3 49.Kd4 Bf5 50.a4 Rb1 51.Rh2 Rd1+ 52.Kc5 Re1 53.c4 Rxe5+ 
54.Kb6 Re1 55.c5 e5 56.Bb5 e4 57.c6 e3 58.c7 Rc1 59.Rh5 Be6 60.Re5 Kd6 61.
Rxe6+ Kxe6 62.Bc6 1-0

[Event "14th ECh U20 Girls"]
[Site "Tallinn EST"]
[Date "1997.09.11"]
[Round "2"]
[White "Ciganikova, Andrea"]
[Black "Savitskaya, Ekaterina"]
[Result "0-1"]
[WhiteElo "2140"]
[BlackElo "2260"]
[EventDate "1997.09.10"]
[PlyCount "80"]

1.e4 c5 2.Nf3 Nc6 3.d4 cxd4 4.Nxd4 e5 5.Nb5 d6 6.c4 Be7 7.N1c3 a6 8.Na3 
Be6 9.Be2 Bg5 10.O-O Bxc1 11.Rxc1 Nf6 12.Nc2 O-O 13.Qd3 Rc8 14.Nd5 Ne8 15.
Qg3 Kh8 16.b3 g6 17.f4 f5 18.Bd3 Ng7 19.Kh1 Nh5 20.Qe1 exf4 21.Nxf4 Nxf4 
22.Rxf4 Ne5 23.Qc3 fxe4 24.Rxf8+ Qxf8 25.Bxe4 Qf4 26.Qe3 Qxe3 27.Nxe3 b5 
28.Bb7 Rc7 29.Bd5 Bxd5 30.Nxd5 Rc5 31.Ne3 bxc4 32.bxc4 Ra5 33.Rc2 Kg7 34.
Kg1 Kf6 35.Kf1 Ke6 36.Ke2 Kd7 37.Kd2 Kc6 38.Rb2 Ra3 39.Rc2 Kc5 40.Kd1 Rxe3
0-1

[Event "14th ECh U20 Girls"]
[Site "Tallinn EST"]
[Date "1997.09.11"]
[Round "2"]
[White "Jap Tjoen San, Linda"]
[Black "Radziewicz, Iweta"]
[Result "0-1"]
[WhiteElo "2175"]
[BlackElo "2220"]
[EventDate "1997.09.10"]
[PlyCount "74"]

1.e4 e6 2.d4 d5 3.e5 c5 4.c3 Qb6 5.Nf3 Nc6 6.a3 Bd7 7.Be2 cxd4 8.cxd4 Rc8 
9.b4 a5 10.b5 Nxd4 11.Nxd4 Rxc1 12.Qxc1 Qxd4 13.Qc3 Bc5 14.O-O Ne7 15.Ra2 
Qxc3 16.Nxc3 Bd4 17.Na4 Bxe5 18.Nc5 b6 19.Na4 Bc7 20.Rc2 Bd8 21.Rfc1 Nf5 
22.Bd3 Nd6 23.Rc6 Bxc6 24.Rxc6 Kd7 25.Nxb6+ Bxb6 26.Rxb6 Rc8 27.a4 Rc1+ 
28.Bf1 d4 29.f3 d3 30.Kf2 d2 31.Be2 d1=Q 32.Bxd1 Rxd1 33.Ra6 Nb7 34.Ra8 
Kc7 35.Rh8 Rd2+ 36.Kg3 h6 37.Kh3 Rd8 0-1

[Event "14th ECh U20 Girls"]
[Site "Tallinn EST"]
[Date "1997.09.11"]
[Round "2"]
[White "Trofimova, Olga"]
[Black "Lang, Heather"]
[Result "1-0"]
[WhiteElo "2335"]
[BlackElo "2060"]
[EventDate "1997.09.10"]
[PlyCount "71"]

1.c4 f5 2.Nc3 Nf6 3.g3 g6 4.Bg2 Bg7 5.Nf3 d6 6.d4 O-O 7.O-O Qe8 8.b3 h6 9.
Re1 Ne4 10.Bb2 Nxc3 11.Bxc3 Nc6 12.e4 fxe4 13.Rxe4 g5 14.Qd2 Qf7 15.Rae1 
Bf5 16.R4e3 Rae8 17.d5 Bxc3 18.Qxc3 Nd8 19.Nd4 Bg4 20.Qd2 a6 21.h3 Bd7 22.
Qe2 Qf6 23.Re4 c5 24.Nf3 Rf7 25.Nh2 e5 26.dxe6 Rxe6 27.Ng4 Qg7 28.Qd2 Rfe7
29.Rxe6 Rxe6 30.Bd5 Kh8 31.Bxe6 Nxe6 32.Qxd6 Nd4 33.Re7 Nf3+ 34.Kg2 Qc3 
35.Qxh6+ Kg8 36.Qh7+ 1-0

[Event "14th ECh U20 Girls"]
[Site "Tallinn EST"]
[Date "1997.09.11"]
[Round "2"]
[White "Cmilyte, Viktorija"]
[Black "Martyniuk, Tatiana"]
[Result "1-0"]
[WhiteElo "2220"]
[BlackElo "2120"]
[EventDate "1997.09.10"]
[PlyCount "39"]

1.d4 Nf6 2.c4 c5 3.d5 b5 4.Nf3 g6 5.a4 bxc4 6.Nc3 Bg7 7.e4 d6 8.Bxc4 O-O 
9.e5 dxe5 10.Nxe5 Ba6 11.O-O Qc7 12.Re1 Nfd7 13.d6 exd6 14.Nd5 Qd8 15.Nxf7
Rxf7 16.Ne7+ Kf8 17.Bxf7 Ne5 18.Bg5 Qd7 19.Bd5 Bb7 20.Rxe5 1-0

[Event "14th ECh U20 Girls"]
[Site "Tallinn EST"]
[Date "1997.09.11"]
[Round "2"]
[White "Mashinskaya, Yulia"]
[Black "Vark, Liina"]
[Result "1-0"]
[WhiteElo "2265"]
[BlackElo "2040"]
[EventDate "1997.09.10"]
[PlyCount "39"]

1.e4 e5 2.Nf3 Nc6 3.d4 exd4 4.Nxd4 Bc5 5.Be3 Qf6 6.c3 Nge7 7.Bc4 Qe5 8.O-O
O-O 9.Re1 Qxe4 10.Bd3 Qe5 11.Nxc6 Nxc6 12.Bd4 Qg5 13.h4 Qd5 14.Be4 Qd6 15.
Qh5 f5 16.Bxf5 g6 17.Bxc5 gxh5 18.Bxd6 cxd6 19.Bc2 Ne5 20.Nd2 1-0

[Event "14th ECh U20 Girls"]
[Site "Tallinn EST"]
[Date "1997.09.11"]
[Round "2"]
[White "Sorli, Maja"]
[Black "Andreescu, Nicoleta Aurora"]
[Result "0-1"]
[WhiteElo "2005"]
[BlackElo "2120"]
[EventDate "1997.09.10"]
[PlyCount "74"]

1.e4 d5 2.exd5 Qxd5 3.d4 Nc6 4.Nf3 Bg4 5.Be2 O-O-O 6.c4 Qf5 7.Be3 Nf6 8.h3
Bxf3 9.Bxf3 Nxd4 10.Bxd4 Qe6+ 11.Be2 Qe4 12.Nc3 Qxd4 13.Qa4 Qd2+ 14.Kf1 a6
15.Bf3 Qd7 16.Qb3 c6 17.g3 e5 18.Rd1 Qc7 19.Rxd8+ Qxd8 20.Kg2 Bc5 21.Na4 
Bd4 22.c5 Qe7 23.Qc4 Rd8 24.b4 e4 25.Be2 Be5 26.Nb6+ Kb8 27.a4 Rd4 28.Qb3 
Rd2 29.Re1 Bc7 30.Qc3 e3 31.f3 Nh5 32.Nc4 Qg5 33.Nxe3 Qxg3+ 34.Kf1 Qxh3+ 
35.Ng2 Bg3 36.Qe3 Qh1+ 37.Qg1 Qxg1+ 0-1

[Event "14th ECh U20 Girls"]
[Site "Tallinn EST"]
[Date "1997.09.12"]
[Round "3"]
[White "Lomineishvili, Maia"]
[Black "Mashinskaya, Yulia"]
[Result "1/2-1/2"]
[WhiteElo "2350"]
[BlackElo "2265"]
[EventDate "1997.09.10"]
[PlyCount "187"]

1.d4 d5 2.c4 c6 3.Nc3 Nf6 4.e3 g6 5.Nf3 Bg7 6.Be2 O-O 7.O-O Be6 8.cxd5 
cxd5 9.Qb3 Bc8 10.Bd2 Nc6 11.Rfc1 Rb8 12.h3 h6 13.Na4 Bf5 14.Nc5 Ne4 15.
Bb5 e5 16.Bc3 exd4 17.Bxd4 Nxd4 18.exd4 Qd6 19.Bf1 Nxc5 20.Rxc5 Be4 21.Qc3
Rbd8 22.Nd2 Bf5 23.Nb3 Rfe8 24.Rc1 Rc8 25.g4 Be6 26.Bg2 b6 27.Rc6 Qf4 28.
Qf3 Qxf3 29.Bxf3 Rxc6 30.Rxc6 Kf8 31.Kf1 Ra8 32.Rc7 Ke8 33.Be2 Kd8 34.Rb7 
Bf8 35.a4 Bb4 36.Kg2 Rc8 37.Bd3 Rc7 38.Rxc7 Kxc7 39.Nc1 Bd7 40.Bb5 Be6 41.
Nd3 Bd6 42.f4 f6 43.Kf3 Bf7 44.h4 Be7 45.Nf2 g5 46.fxg5 fxg5 47.h5 Bf6 48.
Ke3 Be6 49.Be2 Bd7 50.b3 Kd6 51.Bd3 a5 52.Ba6 Bg7 53.Kd3 Bf6 54.Kc3 Bg7 
55.Be2 Bf6 56.Nd1 Be7 57.Ne3 Bf6 58.Bd3 Be7 59.Bf5 Bc6 60.Bc8 Kc7 61.Ba6 
Bb4+ 62.Kc2 Bf8 63.Be2 Kd6 64.Nf5+ Ke6 65.Ba6 Kd7 66.Kd3 Kc7 67.Ne3 Bb4 
68.Bb5 Bf8 69.Ba6 Bb4 70.Kc2 Bf8 71.Nf5 Bd7 72.Ne3 Bc6 73.Bd3 Kd6 74.Kc3 
Kc7 75.Kb2 Bg7 76.Nf5 Bf8 77.Be2 Bd7 78.Ne3 Bc6 79.Bf3 Kd6 80.Bd1 Kc7 81.
Bc2 Bg7 82.Nf5 Bf8 83.b4 Bd7 84.Ne3 Bxb4 85.Nxd5+ Kd6 86.Nf6 Be6 87.Bf5 
Ke7 88.Ne4 Bd5 89.Nf2 Bc6 90.Bc2 b5 91.axb5 Bxb5 92.Nd3 Bd6 93.Kc3 Bxd3 
94.Bxd3 1/2-1/2

[Event "14th ECh U20 Girls"]
[Site "Tallinn EST"]
[Date "1997.09.12"]
[Round "3"]
[White "Radziewicz, Iweta"]
[Black "Bobrowska, Monika"]
[Result "1-0"]
[WhiteElo "2220"]
[BlackElo "2360"]
[EventDate "1997.09.10"]
[PlyCount "139"]

1.d4 g6 2.Nf3 Bg7 3.c4 Nf6 4.Nc3 d6 5.Bg5 h6 6.Bh4 g5 7.Bg3 Nh5 8.e3 e6 9.
Qc2 Nc6 10.Be2 Qe7 11.d5 Nxg3 12.hxg3 Nd8 13.Nd4 c5 14.dxe6 fxe6 15.Bh5+ 
Nf7 16.Nde2 O-O 17.Rd1 Bd7 18.Ne4 d5 19.cxd5 exd5 20.Rxd5 Bc6 21.N2c3 Bxd5
22.Nxd5 Qd8 23.Qxc5 Ne5 24.O-O Kh8 25.Ne7 b6 26.Qa3 a5 27.Rd1 Qc7 28.Qd6 
Ra7 29.Ng6+ Nxg6 30.Qxg6 Qe5 31.Bf3 Re7 32.g4 Re6 33.Qh5 Qb5 34.b3 Qe8 35.
Qxe8 Rexe8 36.Nd6 Rb8 37.a4 h5 38.gxh5 Kh7 39.Be4+ Kh8 40.g4 Be5 41.Nc4 
Rfe8 42.Bg6 Re7 43.Rd5 Bf6 44.Nd6 Re6 45.Nf7+ Kg7 46.Nxg5 Bxg5 47.Rxg5 Rd8
48.Kg2 Rf6 49.Kg3 Rdf8 50.f4 Rd8 51.Re5 Rc6 52.g5 Rc3 53.Re7+ Kf8 54.Rf7+ 
Kg8 55.h6 Rxe3+ 56.Kg4 Rxb3 57.h7+ Kh8 58.Bf5 Rb2 59.Be4 Re2 60.Re7 Rxe4 
61.Rxe4 Kxh7 62.Re7+ Kg8 63.f5 Kf8 64.f6 Rd4+ 65.Kf5 Rd1 66.Rb7 Rc1 67.Kg6
Rc8 68.Rxb6 Ra8 69.Rb7 Rc8 70.Rh7 1-0

[Event "14th ECh U20 Girls"]
[Site "Tallinn EST"]
[Date "1997.09.12"]
[Round "3"]
[White "Savitskaya, Ekaterina"]
[Black "Kononenko, Tatiana"]
[Result "1-0"]
[WhiteElo "2260"]
[BlackElo "2275"]
[EventDate "1997.09.10"]
[PlyCount "65"]

1.d4 d5 2.c4 c6 3.Nf3 Nf6 4.Nc3 dxc4 5.a4 Bf5 6.e3 e6 7.Bxc4 Nbd7 8.Qe2 
Ne4 9.O-O Bd6 10.Nxe4 Bxe4 11.Nd2 Bg6 12.e4 Bc7 13.d5 e5 14.dxc6 bxc6 15.
Rd1 O-O 16.Nf1 Qe7 17.a5 Rfd8 18.Ng3 Nc5 19.Bd2 Ne6 20.Qg4 Nd4 21.h4 Qd7 
22.Qxd7 Rxd7 23.h5 Rad8 24.hxg6 Nc2 25.gxf7+ Kf8 26.Rac1 Rxd2 27.Rxd2 Rxd2
28.Nf1 Rd4 29.Rxc2 Rxe4 30.Be6 Bxa5 31.Rxc6 Rf4 32.Rc8+ Ke7 33.Re8+ 1-0

[Event "14th ECh U20 Girls"]
[Site "Tallinn EST"]
[Date "1997.09.12"]
[Round "3"]
[White "Zielinska, Marta"]
[Black "Aksiuczyc, Monika"]
[Result "1-0"]
[WhiteElo "2335"]
[BlackElo "2180"]
[EventDate "1997.09.10"]
[PlyCount "61"]

1.d4 Nf6 2.Nf3 e6 3.e3 d5 4.c4 c5 5.Nc3 Nc6 6.Be2 cxd4 7.exd4 Be7 8.O-O 
O-O 9.Bf4 a6 10.Rc1 dxc4 11.Bxc4 b5 12.Bd3 Bb7 13.Bb1 Nb4 14.Ne5 Nbd5 15.
Qd3 g6 16.Bh6 Re8 17.Rfe1 Nxc3 18.bxc3 Qd5 19.Qh3 b4 20.Bg5 Nh5 21.Be4 Qd8
22.Bxb7 Bxg5 23.Bxa8 Qxa8 24.Rc2 Rc8 25.Qf3 Qxf3 26.Nxf3 Bf6 27.Rec1 bxc3 
28.Rxc3 Rxc3 29.Rxc3 Nf4 30.Rc8+ Kg7 31.g3 1-0

[Event "14th ECh U20 Girls"]
[Site "Tallinn EST"]
[Date "1997.09.12"]
[Round "3"]
[White "Tkeshelashvili, Sopio"]
[Black "Werner, Isabel"]
[Result "1-0"]
[WhiteElo "2270"]
[BlackElo "2220"]
[EventDate "1997.09.10"]
[PlyCount "81"]

1.e4 c5 2.Nf3 d6 3.d4 Nf6 4.Nc3 cxd4 5.Nxd4 g6 6.Be2 Bg7 7.O-O O-O 8.Re1 
Nc6 9.Nb3 Be6 10.Bg5 Rc8 11.Bf1 a6 12.Nd5 Bxd5 13.exd5 Ne5 14.c3 Re8 15.
Qd4 Qc7 16.Rad1 b5 17.Qh4 Nc4 18.Bc1 Nb6 19.Qg5 h6 20.Qh4 Kh7 21.g4 Qd7 
22.g5 Nfxd5 23.Bh3 e6 24.gxh6 Bf6 25.Qg3 Rcd8 26.Nd4 Nc7 27.Nf3 Qe7 28.Bg5
Ncd5 29.Bg2 Kh8 30.Bc1 Qc7 31.Ng5 Be5 32.Qh4 Bf6 33.Qg4 Qd7 34.Rd3 Rc8 35.
Bxd5 Bxg5 36.Qxg5 Nxd5 37.Rxd5 Rg8 38.Qf6+ Kh7 39.Rd3 Rc4 40.Rf3 Rg4+ 41.
Kf1 1-0

[Event "14th ECh U20 Girls"]
[Site "Tallinn EST"]
[Date "1997.09.12"]
[Round "3"]
[White "Abbasova, Aiguioun"]
[Black "Javakhishvili, Eka"]
[Result "1/2-1/2"]
[WhiteElo "2190"]
[BlackElo "2105"]
[EventDate "1997.09.10"]
[PlyCount "46"]

1.e4 c5 2.Nf3 Nc6 3.d4 cxd4 4.Nxd4 Nf6 5.Nc3 d6 6.Be2 g6 7.Be3 Bg7 8.O-O 
O-O 9.Kh1 d5 10.exd5 Nxd5 11.Nxd5 Qxd5 12.Bf3 Qa5 13.Nxc6 bxc6 14.c3 Rb8 
15.Qc1 c5 16.Rd1 Qb5 17.a4 Qxb2 18.Qxb2 Rxb2 19.Bxc5 Bxc3 20.Bxe7 Re8 21.
Bc5 Bb7 22.Bxb7 Rxb7 23.Rac1 Bg7 1/2-1/2

[Event "14th ECh U20 Girls"]
[Site "Tallinn EST"]
[Date "1997.09.12"]
[Round "3"]
[White "Vark, Liina"]
[Black "Jap Tjoen San, Linda"]
[Result "1/2-1/2"]
[WhiteElo "2040"]
[BlackElo "2175"]
[EventDate "1997.09.10"]
[PlyCount "103"]

1.d4 Nf6 2.c4 e6 3.Nf3 b6 4.a3 Bb7 5.Nc3 d5 6.Bg5 Be7 7.e3 O-O 8.Be2 Nbd7 
9.O-O Ne4 10.Bf4 Ndf6 11.Nd2 Nxc3 12.bxc3 dxc4 13.Bxc4 Nd5 14.Bxd5 Qxd5 
15.f3 c5 16.Qe2 Rfc8 17.e4 Qd7 18.Nb3 cxd4 19.cxd4 a5 20.Qb2 Ba6 21.Rfd1 
a4 22.Nc1 f6 23.Na2 Bc4 24.Nb4 Bb3 25.Rdc1 Qb5 26.Bd2 Bd6 27.Bc3 Qh5 28.e5
fxe5 29.dxe5 Bc5+ 30.Bd4 Qg5 31.Nd3 Bxd4+ 32.Qxd4 Rd8 33.Qf4 Qg6 34.Nb4 
Rf8 35.Qe3 Rad8 36.Rc6 b5 37.Rc7 h6 38.Nc6 Qd3 39.Qa7 Qh7 40.Nxd8 Rxd8 41.
Rb7 Bc4 42.Rb8 Qd3 43.Rxd8+ Qxd8 44.Qe3 Qd7 45.h3 Qd5 46.Kh2 Qd7 47.Rc1 
Qd5 48.Rc2 Qd8 49.Rd2 Bd5 50.f4 Qf8 51.g3 b4 52.axb4 1/2-1/2

[Event "14th ECh U20 Girls"]
[Site "Tallinn EST"]
[Date "1997.09.12"]
[Round "3"]
[White "Miloradovic, Jelena"]
[Black "Dubinskaya, Mariana"]
[Result "1/2-1/2"]
[WhiteElo "2105"]
[BlackElo "2100"]
[EventDate "1997.09.10"]
[PlyCount "89"]

1.c4 e5 2.Nc3 f5 3.d4 exd4 4.Qxd4 Nf6 5.Qe5+ Be7 6.Qxf5 O-O 7.Qc2 Nc6 8.
Nf3 d5 9.e3 d4 10.Nxd4 Nxd4 11.exd4 Qxd4 12.Be3 Qe5 13.O-O-O Ng4 14.Rd5 
Qe6 15.Ne4 Nxe3 16.fxe3 c6 17.Rd2 Bb4 18.Rd1 Qe5 19.Bd3 g6 20.c5 Be6 21.a3
Ba5 22.b4 Bc7 23.Qc3 Qxc3+ 24.Nxc3 Rf2 25.Rd2 Raf8 26.Ne4 Rxd2 27.Kxd2 Bd5
28.Ke2 Bxe4 29.Bxe4 a6 30.g3 Be5 31.Rd1 Rf7 32.a4 Kg7 33.b5 cxb5 34.axb5 
a5 35.Rd8 Rc7 36.c6 b6 37.Ra8 Re7 38.Kd3 Kf6 39.Bd5 Bd6 40.e4 Ke5 41.Ke3 
Bc7 42.Rf8 Bd6 43.h4 a4 44.Ra8 a3 45.Kf3 1/2-1/2

[Event "14th ECh U20 Girls"]
[Site "Tallinn EST"]
[Date "1997.09.12"]
[Round "3"]
[White "Lang, Heather"]
[Black "Smajlovic, Lejla"]
[Result "0-1"]
[WhiteElo "2060"]
[BlackElo "2130"]
[EventDate "1997.09.10"]
[PlyCount "106"]

1.e4 e6 2.Nc3 d5 3.d4 Bb4 4.exd5 exd5 5.Bd3 Nf6 6.Bg5 Nc6 7.a3 Be7 8.Nce2 
Ne4 9.Be3 Nd6 10.Ng3 Be6 11.N1e2 Bg5 12.O-O Bxe3 13.fxe3 Qg5 14.Nf4 Bg4 
15.Qc1 h5 16.c4 dxc4 17.Ne4 Nxe4 18.Bxe4 Qb5 19.a4 Qa6 20.Nd5 Rc8 21.Qe1 
Ne7 22.Qf2 Rf8 23.Nf4 g5 24.h3 gxf4 25.hxg4 fxe3 26.Qxe3 hxg4 27.Bf5 Rd8 
28.Rae1 Qd6 29.Rf4 Rh8 30.Re4 Qh2+ 31.Kf2 Rh3 32.Rxe7+ Kf8 33.Re8+ Rxe8 
34.Qxe8+ Kg7 35.Bxg4 Qg3+ 36.Kg1 Qxg4 37.Qe5+ Kh7 38.Qf6 Rg3 39.Qxf7+ Qg7 
40.Qd5 c6 41.Qh5+ Qh6 42.Re7+ Rg7 43.Qxh6+ Kxh6 44.Rxg7 Kxg7 45.Kf2 b6 46.
Kf3 a6 47.Ke4 b5 48.axb5 cxb5 49.g4 a5 50.Ke3 a4 51.Kd2 b4 52.d5 Kf6 53.
Kc2 Ke5 0-1

[Event "14th ECh U20 Girls"]
[Site "Tallinn EST"]
[Date "1997.09.13"]
[Round "4"]
[White "Bobrowska, Monika"]
[Black "Savitskaya, Ekaterina"]
[Result "1/2-1/2"]
[WhiteElo "2360"]
[BlackElo "2260"]
[EventDate "1997.09.10"]
[PlyCount "96"]

1.d4 Nf6 2.Nf3 e6 3.e3 c5 4.Bd3 Nc6 5.O-O d5 6.b3 Bd6 7.a3 O-O 8.dxc5 Bxc5
9.b4 Bd6 10.Bb2 e5 11.b5 e4 12.bxc6 bxc6 13.Be2 exf3 14.Bxf3 Rb8 15.Bc3 
Qe7 16.Nd2 Be5 17.Bxe5 Qxe5 18.Nb3 Qc3 19.Qd4 Qxc2 20.Na5 c5 21.Qe5 Qb2 
22.Qxb2 Rxb2 23.Nc6 Rb7 24.Rac1 c4 25.Nb4 Rd7 26.Rfd1 Bb7 27.h4 h5 28.Rd4 
g6 29.Na2 Rfd8 30.Nc3 Bc6 31.Rcd1 Kf8 32.g3 Ke7 33.Bg2 Rd6 34.R1d2 R8d7 
35.Bh3 Rd8 36.Bg2 Rb8 37.e4 Rb3 38.Nxd5+ Nxd5 39.exd5 Bd7 40.Rxc4 Rxa3 41.
Re2+ Kf8 42.Rc7 Ra1+ 43.Kh2 a5 44.Rb2 a4 45.Rb8+ Ke7 46.Ra7 Ra2 47.Kg1 
Ra1+ 48.Kh2 Ra2 1/2-1/2